Normal view
MARC view
- Syed Shahid Hussain, Hamid Dawood
Entry Personal Name
001 - CONTROL NUMBER
- control field: 134069
003 - CONTROL NUMBER IDENTIFIER
- control field: NUST
005 - DATE AND TIME OF LATEST TRANSACTION
- control field: 20260413143941.0
008 - FIXED-LENGTH DATA ELEMENTS
- fixed length control field: 260413|| aca||aabn | a|a d
040 ## - CATALOGING SOURCE
- Original cataloging agency: NUST
- Transcribing agency: NUST
100 ## - HEADING--PERSONAL NAME
- Personal name: Syed Shahid Hussain, Hamid Dawood
670 ## - SOURCE DATA FOUND
- Source citation: Work cat.: (NUST): Syed Shahid Hussain, Hamid Dawood., Geological Materials and Aggregates of Pakistan /, 2007.
